000
00356nam a22001457a 4500
003
MPLRDC
005
20220104160048.0
008
210129b ||||| |||| 00| 0 eng d
082
_a
414.8 CCR-10
100
_a
陈存仁编订
245
_a
食补与食疗- 合订本
_c
260
_a
_b
立基出版社
_c
650
_a
医话
942
_c
BK
_o
414.8 CCR-10
999
_c
54798
_d
54788